| 000 | 00419nam a2200157Ia 4500 | ||
|---|---|---|---|
| 008 | 220216s9999 xx 000 0 und d | ||
| 100 | _aLevin V Y | ||
| 245 | 0 | _aVulcanization of ultrasonically devulcanized SBR elastomers | |
| 260 |
_bRubber Chemistry and Technology _c1997 |
||
| 300 | _a120-128 | ||
| 650 | _aSBR elastomers | ||
| 650 | _aVulcanization | ||
| 700 | _aIsayev A I | ||
| 700 | _aKim S H | ||
| 942 | _cJS | ||
| 999 |
_c72261 _d72261 |
||